[Event "4NCL 3 South pool B"]
[Site "Telford, ENG ENG"]
[Date "2016.02.14"]
[Round "6.95"]
[White "Vlcek, Marek"]
[Black "Jones, Steven A"]
[Result "1-0"]
[WhiteElo "1982"]
[BlackElo "2183"]
[PlyCount "123"]
[EventDate "2016.02.14"]
[WhiteTeam "CSC Rhinos [2]"]
[BlackTeam "Surbiton"]

1. d4 Nf6 2. Nf3 d6 3. e3 g6 4. b3 Bg7 5. Bb2 O-O 6. Nbd2 Nbd7 7. c4 e5 8. dxe5
Ng4 9. Be2 Ngxe5 10. Qc2 a5 11. O-O c6 12. Rad1 Nc5 13. Nxe5 dxe5 14. Ba3 Qb6
15. Ne4 Nxe4 16. Bxf8 Nxf2 17. Rxf2 Bxf8 18. Qe4 Qc5 19. Qf3 Be6 20. e4 Bh6 21.
Rd3 a4 22. bxa4 Bf8 23. h3 Qa5 24. Kh2 Bc5 25. Rf1 Bd4 26. Bd1 Bxc4 27. Bb3 Qc5
28. Qf6 b5 29. axb5 cxb5 30. Rdf3 Ra7 31. Bxc4 bxc4 32. Qd8+ Qf8 33. Qd5 c3 34.
Qc4 Qe8 35. Rf6 h5 36. Rxg6+ Kh7 37. Rc6 Qe7 38. Rff6 Kg7 39. Rf5 h4 40. Qe2
Qd7 41. Rcf6 c2 42. Qxc2 Be3 43. Qe2 Bf4+ 44. Rxf4 exf4 45. Rxf4 Qe6 46. Qb2+
f6 47. Rg4+ Kf7 48. Qb8 Qe5+ 49. Qxe5 fxe5 50. Rxh4 Rxa2 51. Rh5 Kf6 52. Rf5+
Ke6 53. Rf3 Re2 54. Kg3 Rxe4 55. h4 Re1 56. h5 e4 57. Rf4 Ke5 58. h6 Ra1 59.
Rh4 Ra8 60. h7 Rh8 61. Kg4 Kd4 62. Kg5 1-0

[Event "4NCL 3 South pool B"]
[Site "Telford, ENG ENG"]
[Date "2016.02.14"]
[Round "6.96"]
[White "Singleton, Michael P F"]
[Black "Mashayekh, Majid"]
[Result "0-1"]
[WhiteElo "2142"]
[BlackElo "1934"]
[PlyCount "58"]
[EventDate "2016.02.14"]
[WhiteTeam "Surbiton"]
[BlackTeam "CSC Rhinos [2]"]

1. d4 d5 2. c4 e6 3. Nc3 Nf6 4. Bg5 Nbd7 5. Nf3 Be7 6. e3 O-O 7. Rc1 c6 8. Bd3
h6 9. Bh4 dxc4 10. Bxc4 Nd5 11. Bxe7 Qxe7 12. O-O Nxc3 13. Rxc3 e5 14. dxe5
Nxe5 15. Nxe5 Qxe5 16. f4 Qe4 17. Qe2 Qg6 18. e4 Be6 19. f5 Bxc4 20. Rxc4 Qg5
21. e5 Rad8 22. Rg4 Qd2 23. Qe4 Qd5 24. Qf4 Qd2 25. Qg3 Rd3 26. Qh4 Qe3+ 27.
Kh1 Qe2 28. Re1 Rd1 29. Re4 Qf1+ 0-1

[Event "4NCL 3 South pool B"]
[Site "Telford, ENG ENG"]
[Date "2016.02.14"]
[Round "6.97"]
[White "Fowler, David"]
[Black "Crombleholme, Alan K"]
[Result "1-0"]
[WhiteElo "1881"]
[BlackElo "2056"]
[PlyCount "69"]
[EventDate "2016.02.14"]
[WhiteTeam "CSC Rhinos [2]"]
[BlackTeam "Surbiton"]

1. d4 Nf6 2. c4 e6 3. Nc3 c5 4. d5 exd5 5. cxd5 d6 6. e4 g6 7. Bd3 Bg7 8. Nf3
a6 9. a4 O-O 10. h3 Re8 11. O-O Nbd7 12. Bf4 c4 13. Bc2 Nc5 14. Nd2 Rb8 15. a5
Nh5 16. Bh2 Nd3 17. Bxd3 cxd3 18. Nc4 Bxc3 19. bxc3 Rxe4 20. Qxd3 f5 21. Nxd6
Nf4 22. Bxf4 Rxf4 23. g3 Qxd6 24. gxf4 Be6 25. c4 Bf7 26. Qd4 Rc8 27. Rfb1 Qd7
28. Rb4 Re8 29. Rab1 Re4 30. Qd2 Qd6 31. Rb6 Qa3 32. R6b3 Qd6 33. Rxb7 Rxc4 34.
Qb2 Rc8 35. Rb8 1-0

[Event "4NCL 3 South pool B"]
[Site "Telford, ENG ENG"]
[Date "2016.02.14"]
[Round "6.98"]
[White "Shepherd, Paul D"]
[Black "Homolka, Vincent"]
[Result "1-0"]
[WhiteElo "2053"]
[BlackElo "1811"]
[PlyCount "57"]
[EventDate "2016.02.14"]
[WhiteTeam "Surbiton"]
[BlackTeam "CSC Rhinos [2]"]

1. e4 d5 2. exd5 Qxd5 3. Nc3 Qa5 4. Bc4 Nf6 5. d3 Bg4 6. f3 Bf5 7. Qe2 Nc6 8.
Bd2 Qb6 9. Na4 Qd4 10. g4 Bg6 11. f4 h6 12. Nf3 Qd6 13. h3 Nd5 14. Bxd5 Qxd5
15. Nc3 Qd7 16. f5 Bh7 17. O-O-O O-O-O 18. d4 e6 19. d5 exd5 20. Bf4 Bd6 21.
Nxd5 Bxf4+ 22. Nxf4 Qe7 23. Qxe7 Nxe7 24. Ne5 Rhf8 25. Rxd8+ Kxd8 26. Rd1+ Ke8
27. Nh5 Rg8 28. f6 Ng6 29. Nc4 1-0

[Event "4NCL 3 South pool B"]
[Site "Telford, ENG ENG"]
[Date "2016.02.14"]
[Round "6.99"]
[White "Dhemrait, Jagdeep"]
[Black "Alcock, Graham P"]
[Result "1-0"]
[WhiteElo "1676"]
[BlackElo "1832"]
[PlyCount "124"]
[EventDate "2016.02.14"]
[WhiteTeam "CSC Rhinos [2]"]
[BlackTeam "Surbiton"]

1. e4 e5 2. Nf3 Nc6 3. Bb5 Bc5 4. d3 d6 5. O-O Nge7 6. Nc3 a6 7. Bc4 h6 8. Be3
Nd4 9. h3 b5 10. Bb3 Nxb3 11. axb3 Bxe3 12. fxe3 O-O 13. Nxb5 Bxh3 14. Nxc7
Bxg2 15. Nxa8 Bxf1 16. Rxa6 Qc8 17. Ra1 Bh3 18. Kh2 f5 19. Nb6 Qe6 20. Ra8 Rxa8
21. Nxa8 Bg4 22. Qf1 fxe4 23. dxe4 Qg6 24. Nd2 Qh5+ 25. Kg3 Qg5 26. Qg1 Ng6 27.
Kf2 Qf6+ 28. Ke1 h5 29. Nb6 Nh4 30. Qf2 Nf3+ 31. Nxf3 Qxf3 32. Qxf3 Bxf3 33.
Nc4 Bxe4 34. c3 Bd5 35. Nxd6 Bxb3 36. Kf2 Kf8 37. Kg3 Ke7 38. Ne4 Bc2 39. Ng5
Kf6 40. Kh4 g6 41. c4 Bb3 42. c5 Ke7 43. Nf3 Ke6 44. Kg5 Bd5 45. Nd2 Kf7 46. b4
Bc6 47. Nc4 Ke6 48. Nd6 Bf3 49. e4 Kd7 50. b5 Kc7 51. b6+ Kc6 52. b7 Kc7 53. c6
Kb8 54. Kf6 Kc7 55. Nb5+ Kb8 56. Kxe5 g5 57. Nd4 g4 58. Kd6 Bd1 59. e5 g3 60.
e6 g2 61. e7 g1=Q 62. e8=Q+ Ka7 1-0

[Event "4NCL 3 South pool B"]
[Site "Telford, ENG ENG"]
[Date "2016.02.14"]
[Round "6.100"]
[White "Durrant, Paul Eo"]
[Black "Weaver, Lauren"]
[Result "1/2-1/2"]
[WhiteElo "1570"]
[BlackElo "1522"]
[PlyCount "79"]
[EventDate "2016.02.14"]
[WhiteTeam "Surbiton"]
[BlackTeam "CSC Rhinos [2]"]

1. e4 d5 2. exd5 Qxd5 3. Nc3 Qd6 4. d4 c6 5. Nf3 Nf6 6. Be2 Bg4 7. h3 Bh5 8.
Ne5 Bxe2 9. Nxe2 Nbd7 10. Nc4 Qb4+ 11. Nd2 e6 12. O-O Be7 13. c3 Qa5 14. Nc4
Qd8 15. Bf4 Nd5 16. Bh2 N7f6 17. Ne5 O-O 18. Qb3 Qb6 19. Qc2 Bd6 20. a3 Qc7 21.
c4 Ne7 22. Rfd1 Nd7 23. Nf3 Bxh2+ 24. Nxh2 Rfd8 25. Nf3 h6 26. Rd2 Nf6 27. Rad1
Ng6 28. b4 Rac8 29. Ng3 Rd7 30. Ne4 Nxe4 31. Qxe4 Qf4 32. Qxf4 Nxf4 33. Kh2
Rcd8 34. Ne5 Rd6 35. g3 Nh5 36. Kg2 Nf6 37. Kf3 Nd7 38. Nxd7 R8xd7 39. Ke4 Kf8
40. Ke3 1/2-1/2

[Event "4NCL 3 South pool B"]
[Site "Telford, ENG ENG"]
[Date "2016.02.14"]
[Round "6.105"]
[White "De Coverly, Roger D"]
[Black "Mercs, Peter J"]
[Result "1/2-1/2"]
[WhiteElo "2071"]
[BlackElo "2111"]
[PlyCount "135"]
[EventDate "2016.02.14"]
[WhiteTeam "Wessex"]
[BlackTeam "Ashfield-Breadsall 1"]

1. e4 c5 2. Nf3 d6 3. g3 Nc6 4. Bg2 g6 5. O-O Bg7 6. c3 e5 7. d3 Nge7 8. a3 a5
9. a4 O-O 10. Na3 h6 11. Be3 Be6 12. d4 exd4 13. cxd4 d5 14. e5 Nf5 15. Nb5
cxd4 16. Bxd4 Nfxd4 17. Nbxd4 Nxe5 18. Nxe5 Bxe5 19. Nxe6 fxe6 20. Qe2 Qf6 21.
Rae1 Bxb2 22. Qxe6+ Qxe6 23. Rxe6 Rad8 24. Rxg6+ Bg7 25. Rd1 d4 26. Rd3 Rf7 27.
h4 Rc7 28. Be4 Rc4 29. Bxb7 Rxa4 30. Ra6 Ra1+ 31. Kg2 Ra2 32. Ra7 Rb2 33. Be4
Rf8 34. Rf3 Rxf3 35. Kxf3 Rb5 36. Bg6 Rb6 37. h5 d3 38. Ra8+ Bf8 39. Bxd3 Rb3
40. Ke2 Rb2+ 41. Ke3 a4 42. f4 Rb4 43. Kf3 a3 44. Kg4 Rd4 45. Bf5 Kf7 46. Be6+
Kg7 47. Ra7+ Kh8 48. Kf5 Rd8 49. Bf7 Bc5 50. Ra6 Rd6 51. Ra8+ Kg7 52. Be6 Rb6
53. Ra5 Rc6 54. g4 Bd6 55. Ra7+ Rc7 56. Ra8 Rc5+ 57. Ke4 Kf6 58. Bd5 Rb5 59.
Ra6 Rb4+ 60. Ke3 Ke7 61. f5 Bc5+ 62. Kf3 Rb6 63. Ra5 Kd6 64. Be6 Rb2 65. Ke4
Re2+ 66. Kf3 Rf2+ 67. Ke4 Re2+ 68. Kf3 1/2-1/2

[Event "4NCL 3 South pool B"]
[Site "Telford, ENG ENG"]
[Date "2016.02.14"]
[Round "6.106"]
[White "Willow, Jonah B"]
[Black "Pleasants, Allan J"]
[Result "1/2-1/2"]
[WhiteElo "2095"]
[BlackElo "2066"]
[PlyCount "42"]
[EventDate "2016.02.14"]
[WhiteTeam "Ashfield-Breadsall 1"]
[BlackTeam "Wessex"]

1. e4 d6 2. d4 Nf6 3. Nc3 Nbd7 4. f4 e5 5. Nf3 exd4 6. Qxd4 Nc5 7. Be3 Be7 8.
O-O-O Bd7 9. e5 Ne6 10. Qd3 Ng4 11. f5 Ng5 12. exd6 cxd6 13. Nxg5 Bxg5 14. Qe4+
Kf8 15. Qxg4 Bxe3+ 16. Kb1 Bc6 17. Qg3 Bc5 18. Bc4 Qf6 19. Rhf1 h6 20. Bd5 Re8
21. Rde1 Rxe1+ 1/2-1/2

[Event "4NCL 3 South pool B"]
[Site "Telford, ENG ENG"]
[Date "2016.02.14"]
[Round "6.107"]
[White "Jenks, Chris B"]
[Black "Madden, Paul"]
[Result "1/2-1/2"]
[WhiteElo "2109"]
[BlackElo "2077"]
[PlyCount "44"]
[EventDate "2016.02.14"]
[WhiteTeam "Wessex"]
[BlackTeam "Ashfield-Breadsall 1"]

1. d4 Nf6 2. Nf3 g6 3. Bf4 Bg7 4. e3 O-O 5. Be2 d6 6. h3 Bf5 7. O-O Nbd7 8.
Nbd2 Re8 9. Bh2 e5 10. dxe5 Nxe5 11. c3 a5 12. Nc4 Nxf3+ 13. Bxf3 Be4 14. Re1
Bxf3 15. Qxf3 Ne4 16. Red1 b5 17. Nd2 Qe7 18. Nxe4 Qxe4 19. Qxe4 Rxe4 20. a3
Rb8 21. Rac1 Rc4 22. Kf1 Kf8 1/2-1/2

[Event "4NCL 3 South pool B"]
[Site "Telford, ENG ENG"]
[Date "2016.02.14"]
[Round "6.108"]
[White "Garnett, John S"]
[Black "Simons, Martin J"]
[Result "1/2-1/2"]
[WhiteElo "1995"]
[BlackElo "2028"]
[PlyCount "58"]
[EventDate "2016.02.14"]
[WhiteTeam "Ashfield-Breadsall 1"]
[BlackTeam "Wessex"]

1. d4 c5 2. d5 g6 3. g3 Bg7 4. Bg2 d6 5. e4 Nd7 6. Ne2 b5 7. O-O Ngf6 8. c3 Bb7
9. Nd2 O-O 10. f4 Qc7 11. Qc2 e6 12. dxe6 fxe6 13. Qb3 d5 14. exd5 exd5 15.
Qxb5 a5 16. Qd3 Nb6 17. Nf3 Ba6 18. Qd1 Rfe8 19. Re1 Rad8 20. Ne5 Nc4 21. Nxc4
Bxc4 22. b3 Ba6 23. Bb2 Qe7 24. Bf3 Qe3+ 25. Kg2 Ne4 26. Rf1 Bxe2 27. Qxe2
Qxe2+ 28. Bxe2 Nxc3 29. Bf3 d4 1/2-1/2

[Event "4NCL 3 South pool B"]
[Site "Telford, ENG ENG"]
[Date "2016.02.14"]
[Round "6.109"]
[White "Adaway, William"]
[Black "Burke, Steven J"]
[Result "1/2-1/2"]
[WhiteElo "1994"]
[BlackElo "1932"]
[PlyCount "92"]
[EventDate "2016.02.14"]
[WhiteTeam "Wessex"]
[BlackTeam "Ashfield-Breadsall 1"]

1. e4 e6 2. Qe2 c5 3. Nf3 Nc6 4. g3 d6 5. Bg2 Be7 6. O-O Rb8 7. c3 b6 8. d4 Qc7
9. Na3 a6 10. Rd1 e5 11. dxe5 dxe5 12. Nc4 Be6 13. Ncxe5 Nxe5 14. Nxe5 f6 15.
Nc4 b5 16. Bf4 Bxc4 17. Bxc7 Bxe2 18. Bxb8 Bxd1 19. Rxd1 Nh6 20. Bd6 Nf7 21.
Bxe7 Kxe7 22. Rd5 Rc8 23. f4 h6 24. Kf2 b4 25. Ke3 Nd6 26. Bf1 a5 27. cxb4 axb4
28. b3 Rc7 29. g4 g5 30. e5 Nf7 31. exf6+ Kxf6 32. Bc4 gxf4+ 33. Kxf4 Ng5 34.
Rd6+ Kg7 35. Rd5 Rf7+ 36. Rf5 Nh3+ 37. Ke5 Ra7 38. Kd6 Rxa2 39. Kxc5 Rxh2 40.
Rf7+ Kg6 41. Rf8 Nf2 42. Be6 Rg2 43. Kxb4 Nxg4 44. Rg8+ Kh5 45. Kb5 Kh4 46. b4
h5 1/2-1/2

[Event "4NCL 3 South pool B"]
[Site "Telford, ENG ENG"]
[Date "2016.02.14"]
[Round "6.110"]
[White "Jarvis, Derek A"]
[Black "Gregory, Keith D F"]
[Result "1/2-1/2"]
[WhiteElo "1934"]
[BlackElo "2013"]
[PlyCount "50"]
[EventDate "2016.02.14"]
[WhiteTeam "Ashfield-Breadsall 1"]
[BlackTeam "Wessex"]

1. e4 d6 2. d4 Nf6 3. Nc3 Nbd7 4. Nf3 e5 5. Bc4 h6 6. O-O Be7 7. Qe2 c6 8. a4
Qc7 9. a5 g5 10. dxe5 dxe5 11. h3 Nf8 12. Nd2 Ng6 13. Nb3 Nf4 14. Bxf4 gxf4 15.
Na4 b5 16. axb6 axb6 17. Nc3 Rb8 18. Rfd1 Rg8 19. Kh2 Rg5 20. Nd2 Kf8 21. Nf3
Rg7 22. Ba6 Be6 23. Bc4 Bc8 24. Ba6 Be6 25. Bc4 Bc8 1/2-1/2

[Event "4NCL 3 South pool B"]
[Site "Telford, ENG ENG"]
[Date "2016.02.14"]
[Round "6.115"]
[White "Elwin, Adrian G"]
[Black "Farkas, Daniel"]
[Result "1/2-1/2"]
[WhiteElo "1985"]
[BlackElo "2109"]
[PlyCount "109"]
[EventDate "2016.02.14"]
[WhiteTeam "MK Phoenix 2"]
[BlackTeam "Fermented Sharks"]

1. d4 d5 2. Bf4 Nc6 3. e3 Nf6 4. c3 Bg4 5. f3 Bh5 6. g4 Bg6 7. h4 h5 8. g5 Ng8
9. Bd3 Bxd3 10. Qxd3 g6 11. Nd2 e6 12. Ne2 Bd6 13. e4 Qd7 14. b4 O-O-O 15. e5
Bf8 16. a4 Nge7 17. Bg3 Nf5 18. Bf2 Kb8 19. O-O a5 20. bxa5 Nxa5 21. Rfb1 Qc6
22. Rb5 Qa6 23. Rab1 Ka7 24. Nc1 c6 25. Rb6 Qxb6 26. Rxb6 Kxb6 27. c4 Ra8 28.
Ncb3 Be7 29. Nc5 Bxc5 30. dxc5+ Kc7 31. cxd5 cxd5 32. Qb5 Ra6 33. c6 Nxc6 34.
Nb3 Rb8 35. a5 d4 36. Be1 Nfe7 37. Nc5 Raa8 38. Qb6+ Kc8 39. Ne4 Nd5 40. Qc5
Kd8 41. Qf8+ Kc7 42. Qxf7+ Nce7 43. Nf6 Kc6 44. Qxe6+ Kc5 45. Qd6+ Kc4 46. Ne4
Rc8 47. Qa3 Nf5 48. Nd2+ Kb5 49. Qb3+ Nb4 50. Ne4 Rc4 51. Bxb4 Rxb4 52. Qd5+
Ka4 53. Qa2+ Kb5 54. Qd5+ Ka4 55. Qa2+ 1/2-1/2

[Event "4NCL 3 South pool B"]
[Site "Telford, ENG ENG"]
[Date "2016.02.14"]
[Round "6.116"]
[White "Agnew, Alan"]
[Black "Valentine, Brian J"]
[Result "1/2-1/2"]
[WhiteElo "2092"]
[BlackElo "1963"]
[PlyCount "91"]
[EventDate "2016.02.14"]
[WhiteTeam "Fermented Sharks"]
[BlackTeam "MK Phoenix 2"]

1. e4 e5 2. Nf3 Nc6 3. Bc4 Bc5 4. c3 Nf6 5. d3 a6 6. Bb3 d6 7. h3 h6 8. O-O O-O
9. d4 Ba7 10. Re1 Re8 11. Bc2 Qe7 12. Be3 Nb8 13. Nbd2 Nbd7 14. Nc4 exd4 15.
cxd4 Nf8 16. e5 dxe5 17. dxe5 N6d7 18. Bxa7 Rxa7 19. a3 Qc5 20. Rc1 b5 21. Ne3
Qb6 22. Nd5 Qb8 23. Nb4 Bb7 24. Be4 c5 25. Bxb7 Qxb7 26. Nd3 Ne6 27. Qd2 c4 28.
Nb4 Ndc5 29. Rcd1 Rd8 30. Qc2 a5 31. Rxd8+ Nxd8 32. Na2 Nde6 33. Nc1 Qc6 34. b3
cxb3 35. Nxb3 Qb6 36. Nxc5 Qxc5 37. Qxc5 Nxc5 38. Rc1 Ne6 39. Rc8+ Kh7 40. Rb8
b4 41. axb4 a4 42. Rc8 a3 43. Rc1 Rb7 44. Ra1 Rxb4 45. Rxa3 g5 46. g3 1/2-1/2

[Event "4NCL 3 South pool B"]
[Site "Telford, ENG ENG"]
[Date "2016.02.14"]
[Round "6.117"]
[White "Williamson, Kevin J"]
[Black "Okhai, Shabir"]
[Result "0-1"]
[WhiteElo "1956"]
[BlackElo "2047"]
[PlyCount "80"]
[EventDate "2016.02.14"]
[WhiteTeam "MK Phoenix 2"]
[BlackTeam "Fermented Sharks"]

1. d4 d5 2. Nc3 Nf6 3. Bg5 Nbd7 4. Nf3 h6 5. Bh4 e6 6. e3 c5 7. Be2 Be7 8. O-O
O-O 9. Ne5 cxd4 10. exd4 Nxe5 11. dxe5 Nd7 12. Bxe7 Qxe7 13. f4 a6 14. Kh1 b6
15. Qd2 Bb7 16. a3 Rfc8 17. Rad1 Rc7 18. Bd3 Rd8 19. Ne2 Nc5 20. c3 Nxd3 21.
Qxd3 Qd7 22. Nd4 b5 23. Qg3 Kh7 24. Rd3 a5 25. f5 b4 26. fxe6 fxe6 27. Rf4 bxc3
28. bxc3 Re8 29. Qg4 Qe7 30. Nb5 Rc4 31. Rdd4 Rf8 32. Rxc4 dxc4 33. Nd6 Bd5 34.
h3 Rxf4 35. Qxf4 Qc7 36. Qd4 Qc6 37. Kh2 Qa4 38. Qc5 Qc2 39. Qg1 Qxc3 40. Qb1+
Qd3 0-1

[Event "4NCL 3 South pool B"]
[Site "Telford, ENG ENG"]
[Date "2016.02.14"]
[Round "6.118"]
[White "Millward, Kevin P"]
[Black "Majer, Chris E"]
[Result "1-0"]
[WhiteElo "1983"]
[BlackElo "1930"]
[PlyCount "111"]
[EventDate "2016.02.14"]
[WhiteTeam "Fermented Sharks"]
[BlackTeam "MK Phoenix 2"]

1. d4 Nf6 2. Bf4 b6 3. e3 Bb7 4. Nd2 e6 5. Ngf3 c5 6. c3 d6 7. Be2 Be7 8. h3
Nbd7 9. O-O O-O 10. a4 a5 11. Qb3 Rb8 12. Rad1 Qc8 13. Nc4 d5 14. Nd6 Qd8 15.
Nxb7 Rxb7 16. Ba6 Ra7 17. Bb5 Nb8 18. Bxb8 Qxb8 19. Ne5 Qc8 20. Nc6 Rc7 21.
Nxe7+ Rxe7 22. c4 Rd8 23. dxc5 Qxc5 24. cxd5 exd5 25. Rc1 Qb4 26. Qxb4 axb4 27.
Rfd1 g6 28. Rd4 Re4 29. Rc6 Rxd4 30. exd4 Ne8 31. Rxb6 Nd6 32. Bd3 Nc4 33. Rxb4
Rc8 34. Bxc4 dxc4 35. a5 c3 36. bxc3 Rxc3 37. Ra4 Rc7 38. Kf1 Kf8 39. Ke2 Ke7
40. Kd3 Kd6 41. a6 Ra7 42. Kc4 Kc6 43. Ra2 Kb6 44. Kd5 Rd7+ 45. Ke5 Ra7 46. g4
Kc6 47. g5 Kd7 48. Ra5 Ke7 49. h4 Kd7 50. Rd5+ Ke7 51. Rd6 Kf8 52. Kf6 Ke8 53.
Rb6 Rc7 54. Rb8+ Kd7 55. Rb7 Rxb7 56. axb7 1-0

[Event "4NCL 3 South pool B"]
[Site "Telford, ENG ENG"]
[Date "2016.02.14"]
[Round "6.119"]
[White "Obi, Marc ON"]
[Black "Hermes, Geoff R"]
[Result "0-1"]
[WhiteElo "1900"]
[BlackElo "1904"]
[PlyCount "60"]
[EventDate "2016.02.14"]
[WhiteTeam "MK Phoenix 2"]
[BlackTeam "Fermented Sharks"]

1. e4 d6 2. g3 Nf6 3. Bg2 e5 4. c4 Be6 5. b3 Nc6 6. Nc3 Nd4 7. h3 Be7 8. Nge2
Nxe2 9. Qxe2 c6 10. O-O Qd7 11. Kh2 h5 12. d3 h4 13. g4 Bxg4 14. hxg4 Nxg4+ 15.
Kg1 h3 16. Bf3 Rh4 17. Nd1 g5 18. Ne3 Nxe3 19. Qxe3 g4 20. Be2 h2+ 21. Kg2 Rh3
22. Qd2 O-O-O 23. Kh1 Rg8 24. Qd1 g3 25. Bf3 gxf2 26. Bg2 Bh4 27. Bd2 Rxg2 28.
Kxg2 Rg3+ 29. Kxf2 Rg1+ 30. Ke3 Qh3+ 0-1

[Event "4NCL 3 South pool B"]
[Site "Telford, ENG ENG"]
[Date "2016.02.14"]
[Round "6.120"]
[White "Mc Aleenan, Charles"]
[Black "Ressel, Siubhan"]
[Result "1-0"]
[WhiteElo "1900"]
[BlackElo "1007"]
[PlyCount "45"]
[EventDate "2016.02.14"]
[WhiteTeam "Fermented Sharks"]
[BlackTeam "MK Phoenix 2"]

1. d4 e5 2. dxe5 Nc6 3. Nf3 h6 4. e4 Nge7 5. Bf4 Ng6 6. Bg3 Be7 7. Nc3 a6 8.
Nd5 Bc5 9. e6 dxe6 10. Nxc7+ Kf8 11. Qxd8+ Nxd8 12. Nxa8 Bd7 13. O-O-O Kg8 14.
Rxd7 Kh7 15. Bc7 Nc6 16. Bb6 Bxf2 17. Bxf2 Rf8 18. Nb6 Nb8 19. Rxb7 Nc6 20.
Bxa6 e5 21. Bc5 h5 22. Bxf8 Nxf8 23. Rxf7 1-0

[Event "4NCL 3 South pool B"]
[Site "Telford, ENG ENG"]
[Date "2016.02.14"]
[Round "6.125"]
[White "Byway, Paul V"]
[Black "Page, Mark E"]
[Result "1/2-1/2"]
[WhiteElo "2104"]
[BlackElo "2042"]
[PlyCount "69"]
[EventDate "2016.02.14"]
[WhiteTeam "Poisoned Pawns"]
[BlackTeam "Warwickshire Select 2"]

1. Nf3 Nf6 2. c4 g6 3. d4 Bg7 4. Nc3 d6 5. Bf4 O-O 6. h3 Nc6 7. e3 Nd7 8. d5
Nce5 9. Be2 Nxf3+ 10. Bxf3 Ne5 11. Be2 c5 12. O-O a6 13. a4 b6 14. Qd2 h6 15.
Bg3 Rb8 16. f4 Nd7 17. e4 f5 18. Bd3 Nf6 19. e5 Nh7 20. e6 Nf6 21. Ra2 Bb7 22.
Be1 h5 23. Bh4 Qc8 24. b3 Ba8 25. Be2 Qe8 26. Bf3 Kh7 27. Bg5 Rh8 28. Qd3 Kg8
29. g3 Qf8 30. Bxf6 Qxf6 31. Ne2 Kf8 32. Rf2 Ke8 33. Rg2 Kd8 34. Kf1 Kc7 35. h4
1/2-1/2

[Event "4NCL 3 South pool B"]
[Site "Telford, ENG ENG"]
[Date "2016.02.14"]
[Round "6.126"]
[White "Hunt, Malcolm A"]
[Black "Kemp, Paul R"]
[Result "1/2-1/2"]
[WhiteElo "2068"]
[BlackElo "2099"]
[PlyCount "41"]
[EventDate "2016.02.14"]
[WhiteTeam "Warwickshire Select 2"]
[BlackTeam "Poisoned Pawns"]

1. d4 d5 2. Bf4 Nf6 3. e3 c6 4. c4 e6 5. Nc3 Be7 6. Nf3 Nbd7 7. Rc1 O-O 8. Bd3
dxc4 9. Bxc4 b5 10. Bd3 b4 11. Ne4 Qa5 12. O-O Bb7 13. Nd6 Qb6 14. Nxb7 Qxb7
15. Ne5 Rac8 16. Qf3 Nxe5 17. Bxe5 Rfd8 18. Qh3 g6 19. Qf3 Nd7 20. Bg3 Qb6 21.
Rfd1 1/2-1/2

[Event "4NCL 3 South pool B"]
[Site "Telford, ENG ENG"]
[Date "2016.02.14"]
[Round "6.127"]
[White "Rosen, Daniel B"]
[Black "Ingram, Keith R"]
[Result "1-0"]
[WhiteElo "2061"]
[BlackElo "1996"]
[PlyCount "79"]
[EventDate "2016.02.14"]
[WhiteTeam "Poisoned Pawns"]
[BlackTeam "Warwickshire Select 2"]

1. e4 e5 2. Nf3 Nc6 3. Bb5 a6 4. Ba4 Nf6 5. O-O Be7 6. Qe2 b5 7. Bb3 d6 8. c3
Na5 9. Bc2 c5 10. d3 O-O 11. Nbd2 Qc7 12. Rd1 Rb8 13. Nf1 b4 14. Bg5 bxc3 15.
bxc3 Be6 16. Ba4 Rb6 17. Rdb1 Rfb8 18. Qc2 h6 19. Bc1 d5 20. Rxb6 Rxb6 21. Rb1
Rxb1 22. Qxb1 dxe4 23. dxe4 Nd7 24. Ne3 Nb6 25. Bd1 Bd6 26. Be2 c4 27. h3 Nc6
28. Nh4 Ne7 29. Nhf5 Bxf5 30. Nxf5 Nxf5 31. exf5 Nd5 32. Bd2 Nf6 33. Qf1 Ne4
34. Be3 Nxc3 35. Bxc4 a5 36. Qd3 Na4 37. f6 Kf8 38. Qh7 gxf6 39. Bxh6+ Ke8 40.
Qg8+ 1-0

[Event "4NCL 3 South pool B"]
[Site "Telford, ENG ENG"]
[Date "2016.02.14"]
[Round "6.128"]
[White "Webster, Paul"]
[Black "McCorry, Robert T"]
[Result "1/2-1/2"]
[WhiteElo "1970"]
[BlackElo "2035"]
[PlyCount "84"]
[EventDate "2016.02.14"]
[WhiteTeam "Warwickshire Select 2"]
[BlackTeam "Poisoned Pawns"]

1. d4 Nf6 2. Nf3 e6 3. g3 b5 4. Bg2 Bb7 5. O-O c5 6. Bf4 cxd4 7. Nxd4 Bxg2 8.
Kxg2 Qb6 9. Nb3 Be7 10. Be3 Qc7 11. c3 O-O 12. Kg1 Nc6 13. Nd4 Nxd4 14. Qxd4 e5
15. Qd3 Rab8 16. Nd2 Ng4 17. h3 Nxe3 18. Qxe3 d5 19. Qf3 Rb6 20. e3 Rh6 21. Qh1
Qd7 22. Kg2 f5 23. Nf3 Qe6 24. Rae1 Bd6 25. Ng5 Qg6 26. f4 Rh5 27. Kf2 e4 28.
h4 Qe8 29. Rd1 Qc6 30. Ne6 Rb8 31. Nd4 Qc4 32. a3 Bc5 33. Rfe1 Qa2 34. Re2 Bxd4
35. Rxd4 Rh6 36. Qd1 Rd6 37. Red2 a5 38. Kg2 h6 39. Qc2 Kh7 40. Rd1 Rbd8 41.
R1d2 Kg8 42. Qd1 Rb8 1/2-1/2

[Event "4NCL 3 South pool B"]
[Site "Telford, ENG ENG"]
[Date "2016.02.14"]
[Round "6.129"]
[White "McMahon, Paul"]
[Black "Charnley, Bernard J"]
[Result "1-0"]
[WhiteElo "1995"]
[BlackElo "2032"]
[PlyCount "51"]
[EventDate "2016.02.14"]
[WhiteTeam "Poisoned Pawns"]
[BlackTeam "Warwickshire Select 2"]

1. Nc3 d5 2. e4 e6 3. exd5 exd5 4. d4 Bf5 5. Bd3 Qd7 6. Bf4 Bb4 7. Bxf5 Qxf5 8.
Bxc7 Qc8 9. Qe2+ Ne7 10. Qb5+ Nbc6 11. Bg3 a6 12. Qd3 O-O 13. Nge2 Qd7 14. O-O
Bd6 15. Bxd6 Qxd6 16. a3 b5 17. Qg3 Qh6 18. Rfd1 b4 19. axb4 Nxb4 20. Ra4 Qb6
21. Qg5 f6 22. Qd2 Rfc8 23. Nc1 Nf5 24. Nb3 Rc4 25. Nxd5 Qc6 26. Rxb4 1-0

[Event "4NCL 3 South pool B"]
[Site "Telford, ENG ENG"]
[Date "2016.02.14"]
[Round "6.130"]
[White "Smith, Simon C"]
[Black "Judkins, Brian D"]
[Result "1-0"]
[WhiteElo "1909"]
[BlackElo "1869"]
[PlyCount "85"]
[EventDate "2016.02.14"]
[WhiteTeam "Warwickshire Select 2"]
[BlackTeam "Poisoned Pawns"]

1. c4 Nf6 2. Nc3 g6 3. d4 Bg7 4. e4 d6 5. Nf3 O-O 6. h3 e5 7. d5 a5 8. Bg5 Na6
9. Bd3 Nc5 10. Bc2 h6 11. Be3 b6 12. Qd2 Kh7 13. g4 Ng8 14. O-O-O Bd7 15. Rdg1
a4 16. h4 Qc8 17. Ng5+ Kh8 18. h5 Qe8 19. hxg6 fxg6 20. Ne6 Nxe6 21. dxe6 Bxe6
22. Bxh6 Nxh6 23. Rxh6+ Kg8 24. Nd5 Qf7 25. Rxg6 Bxd5 26. exd5 Qf4 27. Bf5
Qxd2+ 28. Kxd2 Kf7 29. Re6 Rh8 30. Bg6+ Kf8 31. Rg3 Rh2 32. Ke3 e4 33. Rxe4
Bxb2 34. Rf3+ Kg7 35. Bh5 Rc8 36. Rf7+ Kg8 37. Ree7 Bc1+ 38. Kf3 Rh1 39. Rg7+
Kh8 40. Rh7+ Kg8 41. Reg7+ Kf8 42. Kg2 Rd1 43. Bf7 1-0